000 00507cam a2200193 4500
001 D12164
008 090401t1957 xxu||||| |||| 00| 0 eng d
035 _a(Sirsi) u1549
041 _aeng
100 _aBlundell, Lionel A
245 4 _aThe Landlord and Tenant Acts 1927 and 1954; including the complete law of business tenancies
250 _a2nd
260 _aLondon
_bSweet & Maxwell
_c1957
350 _a0
520 _aShelf 151
700 _aWellings, V.G.
942 _n0
948 _c04/03/1997
999 _c85683
_d85683